000 00592nam a2200217Ia 4500
003 OSt
005 20250820154247.0
008 210210b1980 xxu||||| |||| 00| 0 eng d
040 _cAL
041 _aKannada
082 _a651.75K NAYK
100 _aNAYAKA (Ha Ma).
_9132950
_dನಾಯಕ (ಹಾ ಮಾ)
245 _aKacheri kaipidi.
_bಕಚೇರಿ ಕೈಪಿಡಿ
250 _a5
260 _aMaisuru.
_bKannada Adhyayana samsthe,
_c1980
300 _axv,432
650 _aKacheri Kaipidi
_9132951
690 _aCorrespondence
_9132952
906 _a036215
942 _2ddc
_cBK
999 _c86635
_d86635